Clásicos del futbol argentino (DIFICIL) - Estadísticas

Estadísticas generales
  • Esta prueba ha sido intentada 103 veces
  • La puntuación promedio es 5 de 11
Estadísticas de respuestas
Club Clasico % Correcto
Instituto Racing de Cordoba
83%
Tigre Platense
77%
San Martin de San Juan Godoy Cruz
68%
Talleres RdeE Lanus
57%
Olimpo Villa Mitre
54%
Guaraní Antonio Franco Crucero del Norte
40%
Defensores Unidos Villa Dalmine
31%
Def. de Cambaceres Villa San Carlos
30%
Quilmes Argentinos de Quilmes
22%
Deportivo Merlo Argentinos de Merlo
21%
Leandro N. Alem Atlas
20%
No se encontraron pruebas coincidentes
Distribución de puntuación
Porcentaje de gente con cada puntuación
Porcentaje por número respondido
Historial de tus puntuaciones
No has intentado esta prueba.